000 00236nam a22001097a 4500
082 _a363.73874BOO
100 _aBooker Christopher
245 _aThe real global warming disaster
260 _aLondon
_c2009
300 _a363
942 _cBK
999 _c55229
_d55226